000 01224nkm a2200277 i 4500
001 3821
003 ES-MaACL
005 20250713062828.0
007 khrbo
008 070612s1986 sp --- g |001||spa d
100 0 _aAlfonso,
_d1902-1990
_919858
245 1 0 _aCiclo de conferencias sobre literatura argentina contemporánea [
_hFotografía] /
_cAlfonso (sello).
260 _a[S.l. :
_bs.n.],
_c1986.
300 _a2 fot. :
_bb. y n. ;
_c12 x 18 cm.
500 _aDatos basados en invitación.
505 8 _aContiene: "Literatura y Post-modernidad" por Jorge Alemán -- "Freud y la literatura" por Gustavo Dessal
511 0 _aIntervienen: Jorge Alemán, Gustavo Dessal.
518 _aActo organizado por el Ateneo de Madrid en colaboración con la Embajada Argentina, celebrado en el salón de actos el miércoles, 4 de junio de 1986, a las 20:00 h.
600 1 4 _aAlemán, Jorge.
_919712
600 1 4 _aDessal, Gustavo.
_943939
610 2 4 _aAteneo de Madrid-
_xActos culturales-
_y1986-
_vFotografías.
_91901
710 2 _aAteneo de Madrid.
_91875
852 _aES-MaACL
_jFOT 142/1986
856 4 _uhttp://www.ateneodemadrid.net/biblioteca_digital/imagenes/1986/0142-1986.jpg
_zVer imagen
999 _c3821
_d3821